World soil resources reports N91 The European soil information system
Enregistré dans:
| Auteur principal: | |
|---|---|
| Format: | Livre |
| Langue: | Undetermined |
| Publié: |
Rome
FAO
2000
|
| Sujets: | |
| Tags: |
Ajouter un tag
Pas de tags, Soyez le premier à ajouter un tag!
|
| Thư viện lưu trữ: | Trung tâm Học liệu Trường Đại học Cần Thơ |
|---|
| LEADER | 00547nam a2200193Ia 4500 | ||
|---|---|---|---|
| 001 | CTU_40072 | ||
| 008 | 210402s9999 xx 000 0 und d | ||
| 082 | |a 631 | ||
| 082 | |b W927/N91 | ||
| 100 | |a European Commission | ||
| 245 | 0 | |a World soil resources reports N91 | |
| 245 | 4 | |b The European soil information system | |
| 245 | 0 | |c European Commission, FAO | |
| 260 | |a Rome | ||
| 260 | |b FAO | ||
| 260 | |c 2000 | ||
| 650 | |a soil maps | ||
| 904 | |i Nguyễn Quang Điền, 001222 | ||
| 980 | |a Trung tâm Học liệu Trường Đại học Cần Thơ | ||